000
00251nam a22000857a 4500
999
_c
10967
_d
10967
008
180704b ||||| |||| 00| 0 eng d
100
_a
Hew, Shirley
_9
6768
245
_a
Culture of the world
_b
GERMANY
260
_a
Kuala lampur
_b
Times books International
_c
1995